MDQL
is popping MORE tags! Check the
thread
!
Quizzes
Events
Quiz Creation
Community
Videos
Private Events
Remove Ads
Sign In
Join for FREE
Feedback
Dark Mode
Quiz Categories
Sports
Geography
Music
Movies
Television
Just For Fun
Miscellaneous
History
Literature
Language
Science
Gaming
Entertainment
Religion
Holiday
For Kids
Quiz Lab
Recent
Popular Today
Quiz Kudos Today
Editor Picks
Curator Picks
Quizzes by...
Day
Popularity
Type
Ratings
Length
Year
Community
Subscriptions
Recent Discussions
Orange Saloon
Badges
Playlists
Quests
Create
Leaderboards
Showdown
Live 5
Trivia Bingo
Activity
Puzzle Library
Sporcle Events
Private Events
Virtual Trivia
Globe League
Become a Host
Pub Owners
SporcleCon
Opinionation
Our Games
Videos
Blog
Mobile Apps
Partnerships
Remove Ads and Go Orange
Feedback
Sports
Athletes
MLB
NBA
NHL
NFL
Soccer
Sports Teams
WWE
NCAA
Football
Premier League
Basketball
Baseball
Hockey
Golf
Tennis
Cricket
Rugby
Auto Racing
Olympics
World Cup
Sports
Athletes
MLB
NBA
NHL
NFL
Soccer
Sports Teams
WWE
NCAA
Football
Premier League
Basketball
Baseball
Hockey
Golf
Tennis
Cricket
Rugby
Auto Racing
Olympics
World Cup
Random Quiz
Search Sporcle
×
Quiz Lab
Quiz Lab
Sports
franchise
Type in answers that appear in a list
Type in answers that appear in a list
Classic
Best Score? Go Orange.
Franchise home run leaders Stats
Can you name the all-time team-by-team HR leaders?
By
NJBaseball
7m
30 Questions
304 Plays
304 Plays
304 Plays
Comments
Comments
Give Quiz Kudos
Give Quiz Kudos
-
- Ratings
hide this ad
More Info
Replay
Link that replays current quiz
Next Quiz
Link to next quiz in quiz playlist
You Got
0%
They Got
Avg Score
79%
Avg Friend Score
Upgrade to see
Score Distribution
Jump to the score distribution portion of the page
Score
0/30
Timer
07:00
0
Plays Today
Franchise
Player
% Correct
Yankees
Babe Ruth
99.3%
Braves
Hank Aaron
98.7%
Mariners
Ken Griffey Jr.
97%
Giants
Willie Mays
96.4%
Red Sox
Ted Williams
94.4%
Astros
Jeff Bagwell
94.1%
Diamondbacks
Luis Gonzalez
93.4%
Rangers
Juan Gonzalez
93.4%
Phillies
Mike Schmidt
91.1%
Orioles
Cal Ripken Jr.
90.1%
Rockies
Todd Helton
89.1%
Cubs
Sammy Sosa
88.8%
Cardinals
Stan Musial
87.8%
White Sox
Frank Thomas
87.5%
A's
Mark McGwire
84.9%
Franchise
Player
% Correct
Royals
George Brett
84.9%
Twins
Harmon Killebrew
84.5%
Nationals/
Expos
Ryan Zimmerman
83.9%
Indians
Jim Thome
81.6%
Pirates
Willie Stargell
77.3%
Reds
Johnny Bench
76%
Brewers
Ryan Braun
75.7%
Blue Jays
Carlos Delgado
73%
Mets
Darryl Strawberry
72.4%
Tigers
Al Kaline
68.4%
Angels
Tim Salmon
60.2%
Dodgers
Duke Snider
60.2%
Marlins
Giancarlo Stanton
44.4%
Rays
Evan Longoria
33.9%
Padres
Nate Colbert
23.4%
Quiz Playlist
Details
Report
Send in Message
Add To Playlist
More Info:
Name the career home run leaders for each franchise as of the end of the 2018 season.
Classic:
Type in answers that appear in a list
Quiz Source
Last Updated: Feb 21, 2019
Quiz Scoreboard
CHALLENGE
Sign Up to Join the Scoreboard
Show All
Scores
Hide
Comments
May contain spoilers
Recently Published
Holiday 10x10 Sorting Gallery
by lukepisani3
Holiday
15m
Two Season TV Shows II
by 123Four
Television
10m
Image Sorting: Flags VI
by Barbecue
Geography
2m
More to Explore
Quiz From the Vault
Featured Blog Post
14 Easter Pick-up Lines to Find Eggs With
hide this ad
You Might Also Like...
Tags
franchise
Home Runs
hrs
Player
Team-by-team
Today's Top Quizzes in Sports
Browse Sports
hide this ad
Today's Top Quizzes in franchise
Browse franchise
Top Contributed Quizzes in Sports
1
Les meilleurs buteurs des matchs entre le PSG et l’OM
2
Les entraîneurs de l'OM et du PSG au 21e siècle
3
2022 World Cup Stars
4
Players with Multiple 50 Home Run Seasons
5
Les joueurs passés par le PSG et l'OM
6
FIFA Club World Cup Champions
7
Top 10 NHL Goal Scorers of All Time
8
Criteria MLB: Left Handed Sluggers
9
Les joueurs passés par le LOSC et le RC Lens
10
2023 MLB Unique Player Accomplishments
Explore More
Trending Topics
Anime
Harry Potter
NBA
Marvel
Crossword
Kpop
Disney
The Office
Puzzle
NFL
WWE
Song
Country
Pokémon
Soccer
hide this ad
More By:
NJBaseball
Quiz
Plays
Rating
Category
Featured
Created
Franchise home run leaders
304
Sports
Feb 24, 2010
Played for both Mets and Yankees
218
4.00
Sports
Feb 22, 2010
Pick the cap shown on each Hall of Famer's plaque
30
Sports
Jan 30, 2024
Can you pick the 500 HR Club in order?
30
5.00
Sports
Jan 31, 2024
Players with the same stats
24
Sports
Mar 20, 2024
Go to Creator's Profile
Score Distribution
Quiz Creator Spotlight
NJBaseball
Follow
Send a Message
Quizzes Created
-
Created Quiz Play Count
-
More By This Creator
Popular Quizzes Today
1
Find the US States - No Outlines Minefield
2
Colored Red Africa Blitz
3
Find the 'City' Movie
4
The Countries of the World
5
Find the US States
6
5x2 Blitz: Bands
7
Find the Countries of Europe - No Outlines Minefield
8
US States
More Sports Quizzes
2020 NBA Draft
Quiz Lab
Trending Quizzes
Colored Red Europe Blitz I
Colored Red Europe Blitz II
Colored Red Africa Blitz II
Colored Red Africa Blitz III
Colored Red Europe Blitz III
Recently Updated
Odd Team Out - Big 4 Players
pecheneg
Quick Pick: 20 Twenties
pecheneg
March Madness Men's Triple Doubles
pecheneg
How Do You Spell That?
pecheneg
Godzilla Movies
pecheneg
Grab Bag: 4-10 Letters
pecheneg
2024 March Madness Bracket
pecheneg
Famous TV Couples
Peacemaker
Champions League XIs: Real Madrid
pecheneg
Largest US Cities 1790-2010
pecheneg
Trending Topics
Crossword
Kpop
Marvel
Anime
Disney
NBA
Harry Potter
Song
NFL
Puzzle
Soccer
Pokémon
The Office
WWE
Country
Your Account Isn't Verified!
In order to create a playlist on Sporcle, you need to verify the email address you used during registration. Go to your
Sporcle Settings
to finish the process.
Report this User
Report this user for behavior that violates our
Community Guidelines
.
Details:
Send Report
Go to the Sporcle.com Mobile Site →
Comments